| 000 | 00406nam a22001337a 4500 | ||
|---|---|---|---|
| 008 | 230620b xxu||||| |||| 00| 0 eng d | ||
| 020 | _a0745320392 | ||
| 082 |
_a306.20 _bLOV 2002 |
||
| 110 | _bCommonwealth Parliamentary Association | ||
| 245 |
_aWomen, Public Life and Democracy _bChanging Commonwealth Parliamentary Perspective |
||
| 260 |
_aUSA _bPluto Press _c2002 |
||
| 300 | _aIX,197p | ||
| 942 |
_2ddc _cBK |
||
| 999 |
_c1471 _d1471 |
||